000 00996nam a22002297a 4500
999 _c3117
_d3117
003 AR-CdUCM
008 190306b ||||| |||| 00| 0 spa d
040 _aMUNICIPALIDAD PROVINCIAL DEL CUSCO
_cBIBLIOTECA MUNICIPAL DEL CUSCO
082 _a301.35 /
_bG81
100 _aGreslou, Francois
_910530
245 _aUn sistema de producción andino :
_bel caso de los comuneros de San Juan y Huascoy-Valle de Chancay /
260 _aCusco :
_bCentro de Estudios Rurales Andinos Bartolomé de Las Casas,
_c1986.
300 _a176 paginas ;
_c21 cm.
505 _aMarco general de las unidades familiares de producción de San Juan y Huascoy -- Tipologia de las unidades familiares de producción -- Los sistemas de producción de las U.F.P. DE San Juan y Huascoy ...
650 _aComunidades campesinas
_92214
650 _aAgricultura
_9320
650 _aAspectos económicos
_9261
650 _aValle de Chancay
_910531
700 _aNey, Bertrand.
_910532
942 _2ddc
_cLIBROS
945 _aacv